000 01273nam0a22002771 4500
001 rc\3197280
005 20120628151419.9
021 _aRU
_b76-ОЭ-95/12
021 _aRU
_bРг9338-76
035 _a(NLR Aleph) 007343535
090 _a6134383
_c6134383
100 _a20120628d1976 |||y0rusy50 ca
101 0 _arus
102 _aRU
105 _ay z |||||
200 1 _aМетодические рекомендации инструктору производственного обучения
_fЧирчик. филиал Моск. ин-т повышения квалификации руководящих работников и специалистов хим. пром-сти
210 _aЧирчик
_cБ. и.
_d1976
215 _a[1], 27 с.
_d20
300 _aВ конце текста сост.: И.С. Кожевникова
702 1 _aКожевникова
_bИ. С.
_4220
712 0 2 _aМосковский ин-т повышения квалификации руководящих работников и специалистов хим. промышленности
_bЧирчикский филиал
_3RU\NLR\AUTH\8810136469
801 0 _aRU
_bNLR
_gpsbo
801 1 _aRU
_bELAR
_2rusmarc
852 _aNLR
_j76-4/23035
942 _cBOOK
980 _aNB